Coupe du Monde Rugby: Tonga - Statistiques

Statistiques générales
  • Ce quiz a été pris 47 fois
  • Le résultat moyen est 15 sur 17
Statistiques - réponses
Réponse % Correct
Ecosse
100%
France
100%
Italie
100%
Nouvelle-Zélande
100%
Angleterre
98%
Pays de Galles
98%
Afrique du Sud
95%
Argentine
95%
Etats-Unis
93%
Irlande
93%
Samoa
93%
Canada
90%
Japon
90%
Roumanie
88%
Géorgie
80%
Namibie
80%
Côte d'Ivoire
51%
Aucun quiz correspondant
Distribution des résultats
% des personnes avec chaque résultat
Percentile par nombre de réponses
Votre historique - résultats
Vous n’avez pas pris ce quiz